[Event "EU-chT Seniors 15th"]
[Site "Dresden"]
[Date "2013.07.23"]
[Round "4"]
[White "Hentzschel, Erhard"]
[Black "Wademark, Helge"]
[Result "0-1"]
[WhiteElo "1903"]
[BlackElo "2080"]
[PlyCount "122"]
[EventDate "2013.07.20"]
[EventType "team-swiss"]
[EventRounds "9"]
[EventCountry "GER"]
[SourceTitle "CBM 155 Extra"]
[Source "ChessBase"]
[SourceDate "2013.08.26"]
[SourceVersion "1"]
[SourceVersionDate "2013.08.26"]
[SourceQuality "1"]
[WhiteTeam "Widukind II"]
[BlackTeam "Sweden II"]
[WhiteTeamCountry "GER"]
[BlackTeamCountry "SWE"]

1. e4 e6 2. d4 d5 3. Bd3 Nf6 4. Bg5 dxe4 5. Bxe4 Be7 6. Bxf6 Bxf6 7. c3 0-0 8. Nf3 Nd7 9. 0-0 e5 10. Qc2 h6 11. Rd1 exd4 12. cxd4 Nb6 13. Nc3 c6 14. h3 Be6 15. Bf5 Re8 16. Bxe6 Rxe6 17. Ne4 Qd5 18. Nxf6+ Rxf6 19. Qc5 Rd8 20. Qxd5 Nxd5 21. Rd2 Nf4 22. Kh2 Rfd6 23. Rad1 Rd5 24. g3 Ne6 25. Kg2 Kf8 26. Kf1 Ng5 27. Nxg5 hxg5 28. Ke2 Ke7 29. Ke3 Rh8 30. Rh1 Kd7 31. Kd3 Rd6 32. f3 Rf6 33. Ke3 Kd6 34. g4 Kd5 35. Kf2 Re6 36. Kg3 f6 37. Rc1 Re3 38. Rc5+ Kd6 39. Rcc2 Rhe8 40. Kf2 Re1 41. Kg2 Ra1 42. b3 Ree1 43. Kg3 Rg1+ 44. Kh2 Rh1+ 45. Kg3 Rag1+ 46. Kf2 Ra1 47. Kg2 b6 48. Kg3 Kd5 49. Kg2 Rhg1+ 50. Kf2 Rac1 51. Rb2 Rc3 52. Rbc2 Rxc2 53. Rxc2 Rd1 54. Kg2 Rxd4 55. Kf2 b5 56. Ke3 Rd1 57. Rh2 Rb1 58. Rd2+ Ke6 59. Rh2 c5 60. Ke4 a6 61. Ke3 Kd6 0-1

[Event "EU-chT Seniors 15th"]
[Site "Dresden"]
[Date "2013.07.22"]
[Round "3"]
[White "Rantanen, Veikko J"]
[Black "Hentzschel, Erhard"]
[Result "1/2-1/2"]
[WhiteElo "1917"]
[BlackElo "1903"]
[PlyCount "49"]
[EventDate "2013.07.20"]
[EventType "team-swiss"]
[EventRounds "9"]
[EventCountry "GER"]
[SourceTitle "CBM 155 Extra"]
[Source "ChessBase"]
[SourceDate "2013.08.26"]
[SourceVersion "1"]
[SourceVersionDate "2013.08.26"]
[SourceQuality "1"]
[WhiteTeam "Turku"]
[BlackTeam "Widukind II"]
[WhiteTeamCountry "FIN"]
[BlackTeamCountry "GER"]

1. e4 e5 2. Nf3 d6 3. d4 exd4 4. Nxd4 Be7 5. Nc3 Nf6 6. Bd3 Nbd7 7. Nf5 0-0 8. 0-0 Ne5 9. Nxe7+ Qxe7 10. Bg5 c6 11. Be2 h6 12. Bh4 Ng6 13. Bg3 Rd8 14. Bf3 Ne5 15. Bxe5 dxe5 16. Qe2 Be6 17. a3 Rd4 18. Rfd1 Rad8 19. Qe1 Bg4 20. Bxg4 Nxg4 21. h3 Nf6 22. f3 Qc5 23. Kh2 Qe7 24. Ne2 Rxd1 25. Rxd1 1/2-1/2

[Event "Hessen-ch Seniors op 09th"]
[Site "Bad Sooden-Allendorf"]
[Date "2013.04.20"]
[Round "1"]
[White "Hentzschel, Erhard"]
[Black "Rollwitz, Inge"]
[Result "1/2-1/2"]
[WhiteElo "1922"]
[BlackElo "1495"]
[PlyCount "83"]
[EventDate "2013.04.20"]
[EventType "swiss"]
[EventRounds "9"]
[EventCountry "GER"]
[SourceTitle "EXT 2019"]
[Source "ChessBase"]
[SourceDate "2018.10.10"]
[SourceVersion "1"]
[SourceVersionDate "2018.10.10"]
[SourceQuality "1"]

1. e4 d6 2. d4 c5 3. d5 g6 4. c3 Bg7 5. Nf3 e6 6. Be2 exd5 7. exd5 Nf6 8. 0-0 0-0 9. Na3 a6 10. Nc4 b5 11. Ne3 Nbd7 12. Rb1 Nb6 13. b3 Re8 14. c4 b4 15. Bd3 Ra7 16. Bb2 Rae7 17. h3 Ne4 18. Bxe4 Bxb2 19. Bxg6 hxg6 20. Rxb2 Kg7 21. Re2 Rh8 22. Rfe1 Ree8 23. Nf1 Rxe2 24. Qxe2 Nd7 25. Ng3 Nf6 26. Qe7 Re8 27. Qxd8 Rxd8 28. Re7 Re8 29. Rxe8 Nxe8 30. Ne4 Bf5 31. Nfd2 f6 32. f4 Kf7 33. Kf2 Ke7 34. Kf3 Bd7 35. g4 f5 36. gxf5 Bxf5 37. h4 Nf6 38. Ng5 Nh5 39. Nde4 Nf6 40. Nd2 Nh5 41. Nh7 Nf6 42. Ng5 1/2-1/2

[Event "MVP-ch Seniors op 12th"]
[Site "Binz"]
[Date "2012.12.06"]
[Round "9"]
[White "Noelter, Gerd"]
[Black "Hentzschel, Erhard"]
[Result "1/2-1/2"]
[WhiteElo "1600"]
[BlackElo "1723"]
[PlyCount "35"]
[EventDate "2012.11.28"]
[EventType "swiss"]
[EventRounds "9"]
[EventCountry "GER"]
[SourceTitle "EXT 2014"]
[Source "ChessBase"]
[SourceDate "2013.11.20"]
[SourceVersion "1"]
[SourceVersionDate "2013.11.20"]
[SourceQuality "1"]

1. d4 d5 2. Nf3 c6 3. Bf4 e6 4. e3 Bd6 5. Ne5 Nf6 6. Nd2 0-0 7. Be2 Qc7 8. Nd3 Bxf4 9. Nxf4 e5 10. dxe5 Qxe5 11. Nd3 Qd6 12. c3 Bf5 13. 0-0 Nbd7 14. Re1 Rfe8 15. Nf3 Ng4 16. g3 Qh6 17. Nh4 Ndf6 18. h3 1/2-1/2

[Event "MVP-ch Seniors op 12th"]
[Site "Binz"]
[Date "2012.12.05"]
[Round "8"]
[White "Hentzschel, Erhard"]
[Black "Wenske, Hardy"]
[Result "1/2-1/2"]
[WhiteElo "1723"]
[BlackElo "1643"]
[PlyCount "46"]
[EventDate "2012.11.28"]
[EventType "swiss"]
[EventRounds "9"]
[EventCountry "GER"]
[SourceTitle "EXT 2014"]
[Source "ChessBase"]
[SourceDate "2013.11.20"]
[SourceVersion "1"]
[SourceVersionDate "2013.11.20"]
[SourceQuality "1"]

1. e4 c6 2. Bc4 d5 3. exd5 cxd5 4. Bb5+ Bd7 5. Bxd7+ Qxd7 6. Nf3 Nc6 7. d4 e6 8. Bf4 Bd6 9. Bxd6 Qxd6 10. c3 Nf6 11. 0-0 0-0 12. Re1 Nd7 13. Nbd2 Rfe8 14. Nf1 Rad8 15. Qd2 Qc7 16. Ng3 f6 17. Re2 Re7 18. Rae1 Rde8 19. h3 Nf8 20. Nh5 Ng6 21. Qc2 Nd8 22. Qb3 b6 23. Re3 Nb7 1/2-1/2

[Event "MVP-ch Seniors op 12th"]
[Site "Binz"]
[Date "2012.12.02"]
[Round "5"]
[White "Nauschuetz, Ernst"]
[Black "Hentzschel, Erhard"]
[Result "1-0"]
[WhiteElo "1893"]
[BlackElo "1723"]
[PlyCount "152"]
[EventDate "2012.11.28"]
[EventType "swiss"]
[EventRounds "9"]
[EventCountry "GER"]
[SourceTitle "EXT 2014"]
[Source "ChessBase"]
[SourceDate "2013.11.20"]
[SourceVersion "1"]
[SourceVersionDate "2013.11.20"]
[SourceQuality "1"]

1. c4 e5 2. g3 f5 3. d4 e4 4. Nc3 c6 5. h4 Bb4 6. Qb3 Na6 7. Bg5 Nf6 8. e3 d6 9. Nge2 0-0 10. Nf4 Bxc3+ 11. Qxc3 Nc7 12. Be2 Kh8 13. Rc1 Qe8 14. b4 d5 15. a4 Ne6 16. Nxe6 Bxe6 17. 0-0 Qf7 18. Kg2 Rac8 19. Rc2 dxc4 20. Bxf6 Qxf6 21. Bxc4 Bd7 22. Be2 Qe6 23. Rfc1 Qd6 24. Bc4 Qg6 25. Qd2 Qd6 26. Bf1 Be6 27. Rb2 Rcd8 28. Rd1 Bd5 29. Kg1 h6 30. Qc3 Qe6 31. Rc1 Qg6 32. Kh2 Qe8 33. Bc4 Qe7 34. Bxd5 Rxd5 35. b5 cxb5 36. Rxb5 Rxb5 37. axb5 b6 38. Qc6 Rf6 39. Qd5 Qf7 40. Rc8+ Kh7 41. Qxf7 Rxf7 42. Kg2 Rd7 43. h5 Rd5 44. Rc7 Rxb5 45. Rxa7 Rb2 46. Rf7 Rb5 47. g4 fxg4 48. Kg3 Rxh5 49. Kxg4 Rb5 50. Kf4 Kg6 51. Rf8 Rb2 52. Kxe4 b5 53. Kf3 b4 54. d5 b3 55. Rb8 Kf6 56. e4 g5 57. Rb6+ Kg7 58. e5 Rd2 59. d6 Kf7 60. Rxb3 Ke6 61. Re3 h5 62. Kg2 Rd4 63. f3 Rd2+ 64. Kh3 Rd4 65. Kg3 h4+ 66. Kh3 Rd1 67. Re2 Rh1+ 68. Kg2 Rd1 69. Re4 Rd3 70. Kf2 Rd2+ 71. Re2 Rd3 72. Kg2 Rd5 73. Kh3 Rd4 74. Re1 Rd3 75. Kg4 Rd2 76. Kxg5 h3 1-0

[Event "MVP-ch Seniors op 12th"]
[Site "Binz"]
[Date "2012.11.30"]
[Round "3"]
[White "Krawelitzki, Gerhard"]
[Black "Hentzschel, Erhard"]
[Result "1/2-1/2"]
[WhiteElo "1473"]
[BlackElo "1723"]
[PlyCount "55"]
[EventDate "2012.11.28"]
[EventType "swiss"]
[EventRounds "9"]
[EventCountry "GER"]
[SourceTitle "EXT 2014"]
[Source "ChessBase"]
[SourceDate "2013.11.20"]
[SourceVersion "1"]
[SourceVersionDate "2013.11.20"]
[SourceQuality "1"]

1. d4 Nf6 2. c4 e6 3. Nc3 d5 4. e3 c6 5. cxd5 exd5 6. Bd3 Bd6 7. h3 0-0 8. Qc2 Re8 9. Nge2 Qe7 10. 0-0 Nbd7 11. a3 Nf8 12. b4 a6 13. Na4 Qc7 14. Bd2 Ne4 15. Bxe4 Rxe4 16. Nc5 Re8 17. Rac1 Nd7 18. f4 Nf6 19. Ng3 Bxc5 20. bxc5 Qd7 21. f5 Ne4 22. Nxe4 Rxe4 23. Rf3 f6 24. Rcf1 Qe8 25. Bc1 Bd7 26. Qf2 Qf7 27. Qg3 Rae8 28. Bd2 1/2-1/2

[Event "GER-ch Seniors"]
[Site "Dresden"]
[Date "2012.08.15"]
[Round "7"]
[White "Hentzschel, Erhard"]
[Black "Babichev, Vyacheslav"]
[Result "0-1"]
[WhiteElo "1955"]
[BlackElo "1763"]
[PlyCount "106"]
[EventDate "2012.08.09"]
[EventType "swiss"]
[EventRounds "9"]
[EventCountry "GER"]
[SourceTitle "EXT 2014"]
[Source "ChessBase"]
[SourceDate "2013.11.20"]
[SourceVersion "1"]
[SourceVersionDate "2013.11.20"]
[SourceQuality "1"]

1. e4 d6 2. d4 Nf6 3. Bd3 e5 4. Ne2 Be7 5. 0-0 Nc6 6. c3 0-0 7. d5 Nb8 8. Ng3 Nfd7 9. Be3 Nc5 10. Bc2 a5 11. Nd2 b6 12. b3 Ba6 13. c4 Bc8 14. f4 Bd7 15. f5 f6 16. Qg4 Rf7 17. Nh5 Kh8 18. Qg3 Nba6 19. Rae1 Nb4 20. Bb1 a4 21. a3 Nbd3 22. b4 Nxe1 23. bxc5 Nxg2 24. Qxg2 bxc5 25. Bc2 Rb8 26. Rb1 Rxb1+ 27. Nxb1 Qb8 28. Bc1 Bf8 29. Qe2 Be8 30. Ng3 Qa8 31. Nc3 Qa6 32. h4 g6 33. Kh2 Qa5 34. Qe3 Rg7 35. Qf3 Rg8 36. fxg6 hxg6 37. Qxf6+ Bg7 38. Qf3 Rf8 39. Qe3 Rf4 40. Qe1 Rxh4+ 41. Kg2 Qa6 42. Bd3 Qc8 43. Nce2 Qh3+ 44. Kf3 Bd7 45. Ng1 Bg4+ 46. Kf2 Qh2+ 47. Kf1 Bh3+ 48. Nxh3 Rxh3 49. Qf2 Qxg3 50. Qxg3 Rxg3 51. Be2 Rc3 52. Bd2 Rxa3 53. Ba5 Re3 0-1

[Event "GER-ch Seniors"]
[Site "Dresden"]
[Date "2012.08.14"]
[Round "6"]
[White "Thieme, Hans"]
[Black "Hentzschel, Erhard"]
[Result "1-0"]
[WhiteElo "2096"]
[BlackElo "1955"]
[PlyCount "65"]
[EventDate "2012.08.09"]
[EventType "swiss"]
[EventRounds "9"]
[EventCountry "GER"]
[SourceTitle "EXT 2014"]
[Source "ChessBase"]
[SourceDate "2013.11.20"]
[SourceVersion "1"]
[SourceVersionDate "2013.11.20"]
[SourceQuality "1"]

1. e4 e5 2. Nf3 Nc6 3. Bb5 a6 4. Bxc6 dxc6 5. 0-0 Bd6 6. d4 Bg4 7. dxe5 Bxf3 8. Qxf3 Bxe5 9. c3 Qe7 10. Na3 Nf6 11. Bg5 h6 12. Bxf6 Qxf6 13. Qe2 0-0-0 14. Rad1 h5 15. Rxd8+ Kxd8 16. Nc2 Kc8 17. Kh1 g5 18. f3 h4 19. Ne3 Qf4 20. Ng4 Rd8 21. Rd1 Rxd1+ 22. Qxd1 Bd6 23. Kg1 f5 24. exf5 Qxf5 25. Qe1 Bc5+ 26. Kh1 Kb8 27. b4 Bd6 28. Qd1 Qe6 29. a4 Qc4 30. Qe1 Bf4 31. g3 hxg3 32. hxg3 Bd6 33. Qe3 1-0

[Event "GER-ch Seniors"]
[Site "Dresden"]
[Date "2012.08.13"]
[Round "5"]
[White "Hentzschel, Erhard"]
[Black "Kienel, Norbert"]
[Result "1-0"]
[WhiteElo "1955"]
[BlackElo "1882"]
[PlyCount "146"]
[EventDate "2012.08.09"]
[EventType "swiss"]
[EventRounds "9"]
[EventCountry "GER"]
[SourceTitle "EXT 2014"]
[Source "ChessBase"]
[SourceDate "2013.11.20"]
[SourceVersion "1"]
[SourceVersionDate "2013.11.20"]
[SourceQuality "1"]

1. e4 c5 2. Nc3 Nc6 3. Nf3 e5 4. Bb5 a6 5. Bxc6 bxc6 6. Nxe5 Bd6 7. Nf3 Bc7 8. d3 Nf6 9. Bg5 d6 10. 0-0 h6 11. Be3 0-0 12. e5 Ng4 13. exd6 Bxd6 14. Ne4 Nxe3 15. fxe3 Bc7 16. Nxc5 Qe7 17. Ne4 f5 18. Nf2 Qxe3 19. Re1 Qc5 20. c3 Bd7 21. d4 Qd6 22. Nd3 Rae8 23. Nde5 Bc8 24. Qd3 a5 25. Rad1 Kh7 26. b3 c5 27. Kh1 cxd4 28. cxd4 Bb7 29. Qc4 Bd5 30. Qc5 Qd8 31. Qc2 Qd6 32. Nh4 Be4 33. Qf2 g5 34. Nhf3 g4 35. Nd2 Bb6 36. Ndc4 Qc7 37. Qf4 Qb7 38. Nd6 Qa8 39. Nxe4 fxe4 40. Qxe4+ Qxe4 41. Rxe4 h5 42. Ree1 Rf5 43. Nc6 Rxe1+ 44. Rxe1 Rd5 45. Re5 Rd6 46. d5 Rf6 47. Re1 Rf2 48. a3 Rd2 49. Ne7 Bc5 50. b4 Bxe7 51. Rxe7+ Kg6 52. Re1 Rxd5 53. Kg1 Rb5 54. Re4 axb4 55. Rxb4 Ra5 56. a4 Kf6 57. Kf2 Kg6 58. Kg3 Kh6 59. Kh4 Kg6 60. Rb5 Rxa4 61. Rg5+ Kf6 62. Rxh5 Ra2 63. Kg3 Ra4 64. Rb5 Rc4 65. Kh4 Rc2 66. g3 Rxh2+ 67. Kxg4 Ra2 68. Rb6+ Kf7 69. Kh5 Kg7 70. Kg5 Ra5+ 71. Kh4 Rc5 72. g4 Rc4 73. Kh5 Rc1 1-0

[Event "MVP-ch Seniors op 11th"]
[Site "Binz"]
[Date "2011.12.02"]
[Round "3.20"]
[White "Hentzschel, Erhard"]
[Black "Kotlar, Alfred"]
[Result "1-0"]
[WhiteElo "1789"]
[BlackElo "1896"]
[PlyCount "73"]
[EventDate "2011.11.30"]
[EventType "swiss"]
[EventRounds "9"]
[EventCountry "GER"]
[SourceTitle "EXT 2013"]
[Source "ChessBase"]
[SourceDate "2012.11.22"]
[SourceVersion "1"]
[SourceVersionDate "2012.11.22"]
[SourceQuality "1"]

1. e4 g6 2. d4 Bg7 3. Nf3 c5 4. c3 cxd4 5. cxd4 d6 6. Nc3 a6 7. Bc4 Nc6 8. 0-0 Nf6 9. Bb3 0-0 10. Re1 Bg4 11. Be3 b5 12. h3 Bd7 13. e5 Ne8 14. Bg5 Kh8 15. Rc1 f6 16. exf6 exf6 17. Bf4 Na5 18. Bd5 Rc8 19. Be6 Bxe6 20. Rxe6 Qd7 21. d5 Nc6 22. Ne4 Ne5 23. Rxc8 Qxc8 24. Nxd6 Nxd6 25. Rxd6 Nc4 26. Rc6 Qf5 27. Bc1 Qb1 28. b3 Ne5 29. Nxe5 fxe5 30. Qc2 Qa1 31. Qb2 e4 32. Qxa1 Bxa1 33. Be3 Rd8 34. d6 Be5 35. Bc5 Kg8 36. Rxa6 b4 37. g3 1-0

[Event "GER-ch Seniors 22nd"]
[Site "Berlin"]
[Date "2010.08.17"]
[Round "2"]
[White "Knaak, Hans"]
[Black "Hentzschel, Erhard"]
[Result "0-1"]
[WhiteElo "1549"]
[BlackElo "1764"]
[PlyCount "62"]
[EventDate "2010.08.16"]
[EventType "swiss"]
[EventRounds "9"]
[EventCountry "GER"]
[SourceTitle "CBM 138 Extra"]
[Source "ChessBase"]
[SourceDate "2010.10.29"]
[SourceVersion "1"]
[SourceVersionDate "2010.10.29"]
[SourceQuality "1"]

1. d4 Nf6 2. c4 e6 3. Nc3 c5 4. d5 exd5 5. cxd5 d6 6. e4 g6 7. Bg5 Bg7 8. Bd3 0-0 9. Nge2 Nbd7 10. 0-0 a6 11. a4 Ne5 12. Rb1 Bd7 13. b4 c4 14. Bc2 h6 15. Bf4 Nh5 16. Be3 Qh4 17. f3 b5 18. g3 Qe7 19. Qd2 Kh7 20. Nd4 Rab8 21. a5 Rbc8 22. Rf2 Nf6 23. g4 Ne8 24. h3 Qh4 25. Rh2 Qg3+ 26. Qg2 Qxg2+ 27. Kxg2 Nd3 28. f4 Nxf4+ 29. Kf3 Nd3 30. Bxd3 cxd3 31. Rb3 Rc4 0-1

[Event "Niedersachsen-ch Seniors 44th"]
[Site "Cadenberge"]
[Date "2010.04.13"]
[Round "1"]
[White "Hentzschel, Erhard"]
[Black "Hoose, Hannelore"]
[Result "1-0"]
[WhiteElo "1810"]
[BlackElo "1499"]
[PlyCount "99"]
[EventDate "2010.04.13"]
[EventType "swiss"]
[EventRounds "9"]
[EventCountry "GER"]
[SourceTitle "EXT 2019"]
[Source "ChessBase"]
[SourceDate "2018.10.10"]
[SourceVersion "1"]
[SourceVersionDate "2018.10.10"]
[SourceQuality "1"]

1. e4 e6 2. d4 d5 3. exd5 exd5 4. Bd3 Bd6 5. Nc3 c6 6. Nf3 Ne7 7. Bg5 0-0 8. 0-0 f6 9. Bh4 Ng6 10. Bg3 Bg4 11. Re1 Bxg3 12. hxg3 Nd7 13. Qd2 Re8 14. Rxe8+ Qxe8 15. Re1 Qf7 16. Nh2 Be6 17. f4 f5 18. Nf3 h6 19. Nd1 Ndf8 20. Ne3 Bd7 21. Qb4 b6 22. Qd6 Be6 23. Qxc6 Rc8 24. Qd6 Ne7 25. c3 g6 26. Qa3 Kg7 27. Qxa7 Nd7 28. Qa4 Ng8 29. Qd1 Ngf6 30. Ne5 Nxe5 31. fxe5 Nh5 32. Qf3 Kh7 33. Rf1 Ng7 34. g4 Rf8 35. gxf5 gxf5 36. Ng4 Qg6 37. Nf6+ Kh8 38. Kf2 Qg5 39. g3 h5 40. Rh1 Rxf6 41. exf6 Qxf6 42. g4 Qg5 43. Bxf5 Bxf5 44. gxf5 Qd2+ 45. Kf1 Qc1+ 46. Kg2 Qg5+ 47. Kh2 Nxf5 48. Rf1 Qh4+ 49. Qh3 Qxh3+ 50. Kxh3 1-0

[Event "EU-chT Seniors 12th"]
[Site "Dresden"]
[Date "2010.02.11"]
[Round "2"]
[White "Hentzschel, Erhard"]
[Black "Meiwald, Gerhard"]
[Result "1/2-1/2"]
[WhiteElo "1947"]
[BlackElo "2055"]
[PlyCount "64"]
[EventDate "2010.02.10"]
[EventType "team-swiss"]
[EventRounds "9"]
[EventCountry "GER"]
[SourceTitle "CBM 134 Extra"]
[Source "ChessBase"]
[SourceDate "2010.03.03"]
[SourceVersion "1"]
[SourceVersionDate "2010.03.03"]
[SourceQuality "1"]
[WhiteTeam "Widukind (Seniors) II"]
[BlackTeam "Schleswig Holstein Seniors"]
[WhiteTeamCountry "GER"]
[BlackTeamCountry "GER"]

1. e4 c6 2. d4 d5 3. exd5 cxd5 4. Bd3 Nf6 5. Nf3 Bg4 6. 0-0 e6 7. c3 Bd6 8. Nbd2 0-0 9. Qe1 Bxf3 10. Nxf3 Nbd7 11. Bg5 Qc7 12. Bxf6 Nxf6 13. Qe2 h6 14. Rae1 Qa5 15. Qc2 Rac8 16. Ne5 Bxe5 17. dxe5 Nd7 18. Qb1 Qb6 19. Kh1 Rfd8 20. Re2 Nc5 21. Rfe1 d4 22. cxd4 Rxd4 23. Bh7+ Kf8 24. b3 Rcd8 25. f3 Qb4 26. Qc1 b6 27. Be4 Rd2 28. h3 Ke7 29. Kh2 Qd4 30. Rxd2 Qxd2 31. Qxd2 Rxd2 32. Bb1 Nd3 1/2-1/2

[Event "EU-chT Seniors 12th"]
[Site "Dresden"]
[Date "2010.02.10"]
[Round "1"]
[White "Hajenius, Willem"]
[Black "Hentzschel, Erhard"]
[Result "0-1"]
[WhiteElo "2043"]
[BlackElo "1947"]
[PlyCount "92"]
[EventDate "2010.02.10"]
[EventType "team-swiss"]
[EventRounds "9"]
[EventCountry "GER"]
[SourceTitle "CBM 134 Extra"]
[Source "ChessBase"]
[SourceDate "2010.03.03"]
[SourceVersion "1"]
[SourceVersionDate "2010.03.03"]
[SourceQuality "1"]
[WhiteTeam "Belgium (Seniors)"]
[BlackTeam "Widukind (Seniors) II"]
[WhiteTeamCountry "BEL"]
[BlackTeamCountry "GER"]

1. d4 Nf6 2. c4 e6 3. Nc3 c5 4. d5 exd5 5. cxd5 d6 6. e4 g6 7. f4 Bg7 8. Nf3 0-0 9. Be2 Re8 10. e5 Ng4 11. h3 Nh6 12. g4 dxe5 13. fxe5 Nd7 14. e6 Ne5 15. 0-0 Nxf3+ 16. Bxf3 fxe6 17. Be3 Qd6 18. Kg2 exd5 19. Bxd5+ Be6 20. Qb3 Bxc3 21. Bxe6+ Qxe6 22. Qxe6+ Rxe6 23. Bxh6 Bg7 24. Bxg7 Kxg7 25. Rf2 Rae8 26. Rc1 b6 27. Rcc2 R8e7 28. Rfd2 Re3 29. Rf2 Kh6 30. Rcd2 Kg5 31. Rc2 Kh4 32. Rc4 Rg3+ 33. Kf1 Rxh3 34. b4 cxb4 35. Rxb4 Rhe3 36. Rh2+ Kg3 37. Rg2+ Kh3 38. Rc2 Rf3+ 39. Rf2 Kg3 40. Rxf3+ Kxf3 41. g5 Re4 42. Rb2 Kg4 43. Rg2+ Kf5 44. Kf2 Rg4 45. Rh2 Kxg5 46. Rxh7 Ra4 0-1

[Event "Mecklenburg VP-ch Seniors op 09th"]
[Site "Binz"]
[Date "2009.12.09"]
[Round "9.13"]
[White "Siegmund, Rainer"]
[Black "Hentzschel, Erhard"]
[Result "1-0"]
[WhiteElo "2038"]
[BlackElo "1817"]
[PlyCount "99"]
[EventDate "2009.12.01"]
[EventType "swiss"]
[EventRounds "9"]
[EventCountry "GER"]
[SourceTitle "EXT 2022"]
[Source "ChessBase"]
[SourceDate "2021.10.06"]
[SourceVersion "1"]
[SourceVersionDate "2021.10.06"]
[SourceQuality "1"]

1. d4 Nf6 2. c4 e6 3. Nc3 c5 4. d5 exd5 5. cxd5 d6 6. e4 g6 7. f4 Bg7 8. Nf3 0-0 9. Be2 Re8 10. e5 dxe5 11. fxe5 Ng4 12. Bg5 Qa5 13. 0-0 Nxe5 14. d6 Nxf3+ 15. Bxf3 Bxc3 16. bxc3 Qxc3 17. Bd5 Be6 18. Bxe6 Rxe6 19. d7 Nc6 20. d8Q+ Nxd8 21. Bxd8 Kg7 22. Qd7 Qd4+ 23. Qxd4+ cxd4 24. Bh4 Rc8 25. Rad1 Rc4 26. Bf2 Rd6 27. Rd3 a6 28. Rfd1 f5 29. Rxd4 Rdxd4 30. Bxd4+ Kf7 31. Rd2 Ke6 32. Bg7 Rc7 33. Bb2 b5 34. Kf1 Rc5 35. Ke2 a5 36. Kd3 Rc6 37. Re2+ Kd6 38. Re5 Rb6 39. Bd4 Rb7 40. Rc5 a4 41. Kc3 b4+ 42. Kc4 b3 43. axb3 axb3 44. Be5+ Kd7 45. Bb2 Ke6 46. Re5+ Kf7 47. Re3 h6 48. Rxb3 Re7 49. Kd3 Rd7+ 50. Bd4 1-0

[Event "Mecklenburg VP-ch Seniors op 09th"]
[Site "Binz"]
[Date "2009.12.07"]
[Round "7.32"]
[White "Gruber, Albert"]
[Black "Hentzschel, Erhard"]
[Result "0-1"]
[WhiteElo "1651"]
[BlackElo "1817"]
[PlyCount "108"]
[EventDate "2009.12.01"]
[EventType "swiss"]
[EventRounds "9"]
[EventCountry "GER"]
[SourceTitle "EXT 2022"]
[Source "ChessBase"]
[SourceDate "2021.10.06"]
[SourceVersion "1"]
[SourceVersionDate "2021.10.06"]
[SourceQuality "1"]

1. e4 e5 2. Nf3 Nc6 3. Bc4 Be7 4. 0-0 Nf6 5. Nc3 0-0 6. d4 exd4 7. Nxd4 Ne5 8. Bb3 d6 9. h3 c5 10. f4 cxd4 11. fxe5 dxe5 12. Nd5 Bd7 13. Nxe7+ Qxe7 14. Bg5 Be6 15. Bxf6 gxf6 16. Qf3 Bxb3 17. axb3 Rfc8 18. Rf2 Rc6 19. Raf1 Kh8 20. Qd3 Rg8 21. Rf5 Rg6 22. R1f2 Qb4 23. Kh2 Qe7 24. Qf3 Qc7 25. Qd3 a6 26. h4 Qe7 27. Qf3 Kg7 28. g4 h6 29. Rg2 b5 30. Qg3 Qc7 31. Qf2 Kh7 32. Kh3 Qd7 33. h5 Rg5 34. Rxf6 Rxf6 35. Qxf6 Rxh5+ 36. Kg3 Rg5 37. Kh4 Qb7 38. Rf2 Qxe4 39. Qxf7+ Rg7 40. Qf5+ Qxf5 41. Rxf5 Re7 42. Kg3 Kg6 43. Kf2 Rf7 44. Rxf7 Kxf7 45. Kf3 Ke6 46. Ke4 b4 47. Kd3 Kd5 48. c4+ bxc3 49. bxc3 e4+ 50. Ke2 d3+ 51. Ke3 a5 52. Kd2 Kc5 53. Ke3 Kb5 54. Kd2 a4 0-1

[Event "Mecklenburg VP-ch Seniors op 09th"]
[Site "Binz"]
[Date "2009.12.04"]
[Round "4.32"]
[White "Hentzschel, Erhard"]
[Black "Schulz, Hermann"]
[Result "1-0"]
[WhiteElo "1817"]
[BlackElo "1571"]
[PlyCount "55"]
[EventDate "2009.12.01"]
[EventType "swiss"]
[EventRounds "9"]
[EventCountry "GER"]
[SourceTitle "EXT 2022"]
[Source "ChessBase"]
[SourceDate "2021.10.06"]
[SourceVersion "1"]
[SourceVersionDate "2021.10.06"]
[SourceQuality "1"]

1. e4 c5 2. f4 d6 3. Bb5+ Bd7 4. Bxd7+ Qxd7 5. d3 Nc6 6. Nf3 e6 7. 0-0 Be7 8. c3 Nf6 9. Na3 0-0 10. Qe2 a6 11. Nc4 Qc7 12. Ne3 Rad8 13. b3 Rfe8 14. Bb2 b5 15. Rad1 d5 16. e5 Nd7 17. Kh1 Nb6 18. d4 cxd4 19. cxd4 Qb7 20. f5 exf5 21. Nxf5 Bf8 22. Ng5 f6 23. Nxh7 Kxh7 24. Qh5+ Kg8 25. exf6 Qf7 26. Qg4 Qxf6 27. Bc1 Ne7 28. Nh6+ 1-0

[Event "GER-chT Seniors 18th"]
[Site "Finsterbergen"]
[Date "2009.09.16"]
[Round "5"]
[White "Hentzschel, Erhard"]
[Black "Meinke, Dietlind"]
[Result "1/2-1/2"]
[WhiteElo "1942"]
[BlackElo "1891"]
[PlyCount "49"]
[EventDate "2009.09.12"]
[EventType "team-swiss"]
[EventRounds "7"]
[EventCountry "GER"]
[SourceTitle "CBM 132 Extra"]
[Source "ChessBase"]
[SourceDate "2009.11.03"]
[SourceVersion "1"]
[SourceVersionDate "2009.11.03"]
[SourceQuality "1"]

1. e4 d5 2. exd5 Qxd5 3. Nc3 Qa5 4. d3 Nf6 5. Bd2 c6 6. Be2 Qb6 7. Rb1 Bf5 8. Be3 Qc7 9. Bf3 Nbd7 10. Nge2 Ne5 11. Ng3 Nxf3+ 12. Qxf3 Bg4 13. Qf4 e5 14. Qg5 h6 15. Qh4 Be7 16. Nge4 Qd7 17. Qg3 Nxe4 18. dxe4 Bf6 19. f3 Be6 20. 0-0 b6 21. Rfd1 Qe7 22. Qe1 0-0 23. Rd2 Bg5 24. Rbd1 Bxe3+ 25. Qxe3 1/2-1/2

[Event "GER-chT Seniors 18th"]
[Site "Finsterbergen"]
[Date "2009.09.14"]
[Round "3"]
[White "Hentzschel, Erhard"]
[Black "Pundt, Wilfried"]
[Result "1/2-1/2"]
[WhiteElo "1942"]
[BlackElo "1939"]
[PlyCount "42"]
[EventDate "2009.09.12"]
[EventType "team-swiss"]
[EventRounds "7"]
[EventCountry "GER"]
[SourceTitle "CBM 132 Extra"]
[Source "ChessBase"]
[SourceDate "2009.11.03"]
[SourceVersion "1"]
[SourceVersionDate "2009.11.03"]
[SourceQuality "1"]

1. e4 e5 2. Bc4 Nf6 3. d3 Be7 4. f4 d6 5. Nf3 0-0 6. 0-0 Bg4 7. c3 c6 8. a4 Nbd7 9. Qe1 exf4 10. Bxf4 Qb6+ 11. Qf2 Bxf3 12. gxf3 d5 13. Be3 Bc5 14. Bxc5 Qxc5 15. exd5 cxd5 16. Bb5 Qxf2+ 17. Kxf2 Nc5 18. d4 Ne6 19. Nd2 Nf4 20. Rfe1 a6 21. Bf1 Rfe8 1/2-1/2

[Event "GER-ch Seniors 21st"]
[Site "Dresden"]
[Date "2009.08.03"]
[Round "1"]
[White "Pape, Manfred"]
[Black "Hentzschel, Erhard"]
[Result "1-0"]
[WhiteElo "2239"]
[BlackElo "1942"]
[PlyCount "33"]
[EventDate "2009.08.03"]
[EventType "swiss"]
[EventRounds "9"]
[EventCountry "GER"]
[SourceTitle "CBM 131 Extra"]
[Source "ChessBase"]
[SourceDate "2009.09.03"]
[SourceVersion "2"]
[SourceVersionDate "2009.09.16"]
[SourceQuality "1"]

1. d4 Nf6 2. Nc3 e6 3. e4 d6 4. f4 Be7 5. Nf3 Bd7 6. Bd3 Nc6 7. a3 0-0 8. Be3 Ng4 9. Bg1 e5 10. d5 Nd4 11. Nxd4 exd4 12. Bxd4 Bh4+ 13. g3 Nxh2 14. Bf2 Bxg3 15. Bxg3 Ng4 16. Qf3 f5 17. 0-0-0 1-0